Marketingový plán spoločnosti Potten & Pannen - Staněk s. r. o diplomová práca

Gespeichert in:
Bibliographische Detailangaben
1. Verfasser: Sziglová, Eva
Körperschaft: Obchodná fakulta EU. Katedra marketingu
Weitere Verfasser: Chomová, Katarína, 1983-
Format: Buch
Sprache:Slowakisch
Veröffentlicht: Bratislava 2013
Tags: Tag hinzufügen
Keine Tags, Fügen Sie das erste Tag hinzu!

MARC

LEADER 00000nbm a2200000 4500
001 0169447
005 20161109102304.8
041 0 |a slo 
044 |a SK 
245 1 0 |a Marketingový plán spoločnosti Potten & Pannen - Staněk s. r. o  |b diplomová práca  |c Eva Sziglová ; školiteľ: Katarína Chomová 
264 1 |a Bratislava  |c 2013 
300 |a 70 s. 
100 1 |a Sziglová, Eva 
700 1 |a Chomová, Katarína, 1983- 
710 2 |a Obchodná fakulta EU. Katedra marketingu